[Event "Minsk Amateur op"]
[Site "Minsk"]
[Date "2018.06.25"]
[Round "1"]
[White "Novitzkij, Dmitrij"]
[Black "Terentev, Mikhail"]
[Result "0-1"]
[WhiteElo "2311"]
[BlackElo "2091"]
[PlyCount "126"]
[EventDate "2018.06.25"]
[EventType "swiss"]
[EventRounds "9"]
[EventCountry "BLR"]
[SourceTitle "CBM 185 Extra"]
[Source "ChessBase"]
[SourceDate "2018.07.29"]
[SourceVersion "1"]
[SourceVersionDate "2018.07.29"]
[SourceQuality "1"]

1. e4 c6 2. d4 d5 3. e5 Bf5 4. h4 h5 5. c4 e6 6. Nc3 Be7 7. Qb3 Qb6 8. c5 Qxb3 9. axb3 Nd7 10. b4 f6 11. f4 Nh6 12. b5 Kf7 13. Be3 Ng4 14. Bd2 Nxc5 15. dxc5 Bxc5 16. Na4 Bf2+ 17. Ke2 cxb5 18. Nc3 a6 19. Nd1 Bxg1 20. Rxg1 fxe5 21. fxe5 Nxe5 22. Ne3 Be4 23. Kd1 Rac8 24. Rc1 Rxc1+ 25. Bxc1 Rc8 26. Be2 g6 27. Rf1+ Ke7 28. g4 d4 29. Rf4 Bd3 30. Bxd3 Nxd3 31. Rxd4 Nxc1 32. gxh5 gxh5 33. Re4 Nd3 34. Ke2 Rd8 35. Nf5+ Kf7 36. Ng3 Rd5 37. b4 b6 38. Ke3 Ne5 39. Rf4+ Ke7 40. Re4 Ng4+ 41. Ke2 Nf6 42. Rf4 a5 43. Ke1 Re5+ 44. Kd2 Nd5 45. Re4 Rxe4 46. Nxe4 Nxb4 47. Ng3 Nd5 48. Nxh5 b4 49. Ng3 Nf6 50. Kd3 b5 51. Kd4 Kd6 52. h5 e5+ 53. Kd3 Kd5 54. h6 Nh7 55. Ne4 a4 56. Nd2 b3 57. Kc3 e4 58. Nf1 b4+ 59. Kxb4 b2 60. Nd2 e3 61. Nb1 Kd4 62. Ka3 e2 63. Nd2 b1Q 0-1

[Event "Sochi ChessAmateur op"]
[Site "Sochi"]
[Date "2018.04.06"]
[Round "8"]
[White "Terentev, Mikhail"]
[Black "Airapetian, Valentin"]
[Result "1-0"]
[WhiteElo "2075"]
[BlackElo "1791"]
[PlyCount "53"]
[EventDate "2018.04.01"]
[EventType "swiss"]
[EventRounds "9"]
[EventCountry "RUS"]
[SourceTitle "CBM 184 Extra"]
[Source "ChessBase"]
[SourceDate "2018.06.28"]
[SourceVersion "1"]
[SourceVersionDate "2018.06.28"]
[SourceQuality "1"]

1. e4 c5 2. Nf3 g6 3. d4 cxd4 4. Nxd4 Bg7 5. Nc3 Nc6 6. Be3 Nf6 7. Nxc6 dxc6 8. Qxd8+ Kxd8 9. 0-0-0+ Ke8 10. f3 Be6 11. Na4 b6 12. Bf4 Nd7 13. Ba6 Ne5 14. Bb7 Rb8 15. Bxe5 Bxe5 16. Bxc6+ Kf8 17. Bd5 Bc8 18. b3 Kg7 19. Nb2 Rd8 20. Nd3 Bd6 21. c4 Bd7 22. e5 Ba3+ 23. Kc2 a5 24. Rhe1 e6 25. Be4 b5 26. c5 Rbc8 27. Kb1 1-0

[Event "Sochi ChessAmateur op"]
[Site "Sochi"]
[Date "2018.04.03"]
[Round "4"]
[White "Scerbin, Dmitrij"]
[Black "Terentev, Mikhail"]
[Result "0-1"]
[WhiteElo "2295"]
[BlackElo "2075"]
[PlyCount "56"]
[EventDate "2018.04.01"]
[EventType "swiss"]
[EventRounds "9"]
[EventCountry "RUS"]
[SourceTitle "CBM 184 Extra"]
[Source "ChessBase"]
[SourceDate "2018.06.28"]
[SourceVersion "1"]
[SourceVersionDate "2018.06.28"]
[SourceQuality "1"]

1. e4 c6 2. c4 d5 3. exd5 cxd5 4. cxd5 Nf6 5. Nc3 g6 6. Qa4+ Nbd7 7. g4 h6 8. Bg2 Bg7 9. h4 0-0 10. g5 Nb6 11. gxf6 Nxa4 12. fxg7 Kxg7 13. Nxa4 e6 14. Nc3 exd5 15. d4 Qb6 16. Nge2 Re8 17. 0-0 Qf6 18. h5 Qh4 19. hxg6 Bh3 20. Ng3 fxg6 21. Nxd5 Rad8 22. Ne3 Rxd4 23. Re1 Bxg2 24. Kxg2 Rf8 25. Nc2 Rg4 26. Re2 Rxf2+ 27. Rxf2 Qxg3+ 28. Kf1 Qh3+ 0-1

[Event "Sochi ChessAmateur op"]
[Site "Sochi"]
[Date "2018.04.02"]
[Round "2"]
[White "Karlov, Egor"]
[Black "Terentev, Mikhail"]
[Result "0-1"]
[WhiteElo "1742"]
[BlackElo "2075"]
[PlyCount "64"]
[EventDate "2018.04.01"]
[EventType "swiss"]
[EventRounds "9"]
[EventCountry "RUS"]
[SourceTitle "CBM 184 Extra"]
[Source "ChessBase"]
[SourceDate "2018.06.28"]
[SourceVersion "1"]
[SourceVersionDate "2018.06.28"]
[SourceQuality "1"]

1. e4 c6 2. d4 d5 3. exd5 cxd5 4. c4 Nf6 5. Nc3 g6 6. Qb3 Bg7 7. cxd5 0-0 8. Be2 Nbd7 9. Bf3 Nb6 10. Nge2 a5 11. a4 Qd6 12. Bf4 Qb4 13. Qa2 Bg4 14. Bxg4 Nxg4 15. 0-0 Rad8 16. d6 exd6 17. h3 Nf6 18. Qa3 Rfe8 19. Rfe1 Nfd5 20. Qxb4 Nxb4 21. Red1 N6d5 22. Bg3 Nxc3 23. Nxc3 Nc2 24. Rac1 Nxd4 25. Nb5 Ne2+ 26. Kh2 Nxc1 27. Rxc1 Bxb2 28. Rc7 d5 29. Nd6 Rxd6 30. Bxd6 d4 31. Rxb7 Bc3 32. Bf4 Kg7 0-1

[Event "Sochi ChessAmateur op"]
[Site "Sochi"]
[Date "2018.04.02"]
[Round "3"]
[White "Terentev, Mikhail"]
[Black "Chapurin, Alexey V"]
[Result "1/2-1/2"]
[WhiteElo "2075"]
[BlackElo "2312"]
[PlyCount "47"]
[EventDate "2018.04.01"]
[EventType "swiss"]
[EventRounds "9"]
[EventCountry "RUS"]
[SourceTitle "CBM 184 Extra"]
[Source "ChessBase"]
[SourceDate "2018.06.28"]
[SourceVersion "1"]
[SourceVersionDate "2018.06.28"]
[SourceQuality "1"]

1. e4 e6 2. d4 d5 3. Nd2 dxe4 4. Nxe4 Bd7 5. Nf3 Bc6 6. Bd3 Bxe4 7. Bxe4 c6 8. 0-0 Nf6 9. Bd3 Nbd7 10. Re1 Qc7 11. Bg5 Bd6 12. c3 h6 13. Bh4 g5 14. Bg3 Bxg3 15. hxg3 0-0-0 16. Qe2 g4 17. Ne5 Nxe5 18. Qxe5 Nd7 19. Qh5 Nf6 20. Qh4 Qe7 21. Re4 Rd5 22. Rf4 Rg5 23. Re1 Qd8 24. Bc2 1/2-1/2

[Event "Sochi ChessAmateur op"]
[Site "Sochi"]
[Date "2018.04.01"]
[Round "1"]
[White "Terentev, Mikhail"]
[Black "Lopukhin, Anatoly Viktorovich"]
[Result "0-1"]
[WhiteElo "2075"]
[BlackElo "2307"]
[PlyCount "124"]
[EventDate "2018.04.01"]
[EventType "swiss"]
[EventRounds "9"]
[EventCountry "RUS"]
[SourceTitle "CBM 184 Extra"]
[Source "ChessBase"]
[SourceDate "2018.06.28"]
[SourceVersion "1"]
[SourceVersionDate "2018.06.28"]
[SourceQuality "1"]

1. e4 c6 2. d4 d5 3. e5 g6 4. f4 h5 5. Nf3 Nh6 6. Bd3 Bf5 7. 0-0 e6 8. b3 c5 9. Kh1 Nc6 10. Be3 Bxd3 11. Qxd3 Nf5 12. c3 Qb6 13. Nbd2 cxd4 14. Nxd4 Ncxd4 15. Bxd4 Bc5 16. Nf3 0-0 17. Rac1 Rfd8 18. Bxc5 Qxc5 19. Nd4 Rac8 20. Nxf5 exf5 21. Rf3 b5 22. Rg3 Kh7 23. Qe2 d4 24. c4 Qd5 25. Qd3 bxc4 26. Rxc4 Rxc4 27. bxc4 Rc8 28. h3 Rxc4 29. Qa3 Rc7 30. Rf3 Kg7 31. Rb3 Qc4 32. Kh2 d3 33. Rb4 Qc3 34. Qa4 Qc6 35. Qxc6 Rxc6 36. Rd4 Rc3 37. Rd7 Kf8 38. Rxa7 Rc4 39. Rd7 Rxf4 40. Rxd3 Ra4 41. a3 Ke7 42. Re3 f4 43. Rb3 Ke6 44. Rb4 Rxb4 45. axb4 h4 46. Kg1 Kxe5 47. Kf2 Kd5 48. Kf3 g5 49. Kg4 f6 50. Kf5 Kc4 51. Kxf6 g4 52. hxg4 h3 53. gxh3 f3 54. g5 f2 55. g6 f1Q+ 56. Ke7 Qxh3 57. g7 Qh7 58. Kf8 Qf5+ 59. Ke7 Qg6 60. Kf8 Qf6+ 61. Kg8 Kxb4 62. Kh7 Qf7 0-1

[Event "Nezhmetdinov Memorial 39th"]
[Site "Kazan"]
[Date "2017.06.01"]
[Round "2"]
[White "Galiev, Irek"]
[Black "Terentev, Mikhail"]
[Result "1-0"]
[WhiteElo "1866"]
[BlackElo "2045"]
[PlyCount "77"]
[EventDate "2017.05.31"]
[EventType "swiss"]
[EventRounds "9"]
[EventCountry "RUS"]
[SourceTitle "EXT 2018"]
[Source "ChessBase"]
[SourceDate "2017.10.13"]
[SourceVersion "1"]
[SourceVersionDate "2017.10.13"]
[SourceQuality "1"]

1. Nf3 Nf6 2. c4 g6 3. g3 Bg7 4. Bg2 0-0 5. 0-0 d6 6. d4 Nc6 7. h3 a6 8. Nc3 Bd7 9. e4 e5 10. Be3 exd4 11. Nxd4 Rb8 12. a4 Nxd4 13. Bxd4 b5 14. axb5 axb5 15. c5 b4 16. Nd5 Nxd5 17. Bxg7 Kxg7 18. Qxd5 dxc5 19. Qxc5 Be6 20. Rac1 Qd2 21. Qe5+ Kg8 22. Rxc7 Rbe8 23. Qf6 Ba2 24. Rc6 Re6 25. Rxe6 fxe6 26. Qe7 Qxb2 27. f4 Qd4+ 28. Kh2 Rf7 29. Qe8+ Kg7 30. Rc1 Qd7 31. Qb8 Qe7 32. Rc8 b3 33. Rg8+ Kh6 34. g4 e5 35. f5 Qc7 36. h4 Qxb8 37. g5+ Kh5 38. Kg3 Rxf5 39. exf5 1-0

[Event "Nezhmetdinov Memorial 38th"]
[Site "Kazan"]
[Date "2016.06.05"]
[Round "6"]
[White "Terentev, Mikhail"]
[Black "Kovaleva, Ekaterina"]
[Result "1-0"]
[WhiteElo "2024"]
[BlackElo "1786"]
[PlyCount "97"]
[EventDate "2016.05.31"]
[EventType "swiss"]
[EventRounds "9"]
[EventCountry "RUS"]
[SourceTitle "CBM 172 Extra"]
[Source "ChessBase"]
[SourceDate "2016.06.21"]
[SourceVersion "1"]
[SourceVersionDate "2016.06.21"]
[SourceQuality "1"]

1. e4 c5 2. Nf3 e6 3. d4 cxd4 4. Nxd4 Nf6 5. Nc3 Nc6 6. Ndb5 Bb4 7. a3 Bxc3+ 8. Nxc3 d5 9. exd5 exd5 10. Bd3 0-0 11. 0-0 d4 12. Ne2 Bg4 13. f3 Bh5 14. Nf4 Bg6 15. Nxg6 hxg6 16. Bg5 Qb6 17. f4 Ne7 18. Qf3 Nf5 19. Qh3 Ne3 20. f5 Nxf5 21. Bxf6 Qxf6 22. Kh1 Qe6 23. Bxf5 gxf5 24. Rae1 Qb6 25. Qxf5 Qxb2 26. Re7 Qa2 27. Qh5 Rac8 28. Re4 Rc6 29. Rxd4 Qxc2 30. h3 Qg6 31. Qd5 Qe6 32. Qf3 Rc4 33. Rd2 Qe4 34. Qd1 Rc3 35. Qh5 Rc2 36. Rxc2 Qxc2 37. Qf3 Qc5 38. h4 Qc6 39. Qh3 b5 40. h5 Qc4 41. Qf3 Qh4+ 42. Kg1 Qd4+ 43. Kh2 Qd6+ 44. Kg1 Re8 45. Qxf7+ Kh7 46. Qxe8 Qd4+ 47. Rf2 Qd1+ 48. Kh2 Qd6+ 49. g3 1-0

[Event "Nezhmetdinov Memorial 38th"]
[Site "Kazan"]
[Date "2016.06.03"]
[Round "4"]
[White "Terentev, Mikhail"]
[Black "Filipenko, Alexander V"]
[Result "0-1"]
[WhiteElo "2024"]
[BlackElo "2278"]
[PlyCount "106"]
[EventDate "2016.05.31"]
[EventType "swiss"]
[EventRounds "9"]
[EventCountry "RUS"]
[SourceTitle "CBM 172 Extra"]
[Source "ChessBase"]
[SourceDate "2016.06.21"]
[SourceVersion "1"]
[SourceVersionDate "2016.06.21"]
[SourceQuality "1"]

1. e4 c5 2. Nf3 Nc6 3. d4 cxd4 4. Nxd4 Nf6 5. Nc3 d6 6. f3 e5 7. Nb3 Be7 8. Be3 0-0 9. Qd2 a5 10. Bb5 Be6 11. 0-0-0 Na7 12. Qe2 Nxb5 13. Qxb5 Bd7 14. Qe2 a4 15. Nd2 a3 16. b3 Qa5 17. Ndb1 Rfc8 18. Nd5 Nxd5 19. Rxd5 Qc7 20. Kd1 b5 21. c3 Qc6 22. Ke1 Rcb8 23. Rd3 Be6 24. Nd2 d5 25. Kf2 dxe4 26. Nxe4 f5 27. Ng5 Bxg5 28. Bxg5 e4 29. Re3 h6 30. Bf4 Rf8 31. Rd1 Bd5 32. c4 bxc4 33. bxc4 Bxc4 34. Rc1 Bxe2 35. Rxc6 Bd3 36. Re1 Rfc8 37. Rec1 Rxc6 38. Rxc6 Bb1 39. Rc3 Bxa2 40. Bc1 Bd5 41. Bxa3 Kf7 42. h4 Ke6 43. Ke3 exf3 44. gxf3 Ra4 45. Rc7 Rxh4 46. Rxg7 Rh3 47. Bb2 Bxf3 48. Bd4 Bg4+ 49. Kf2 h5 50. Ra7 f4 51. Ra5 Rh2+ 52. Kg1 Rd2 53. Be5 f3 0-1

[Event "Chigorin Memorial 23rd"]
[Site "St Petersburg"]
[Date "2015.10.04"]
[Round "2"]
[White "Aure, Anders Nilsson"]
[Black "Terentev, Mikhail"]
[Result "0-1"]
[WhiteElo "1689"]
[BlackElo "2013"]
[PlyCount "102"]
[EventDate "2015.10.03"]
[EventType "swiss"]
[EventRounds "9"]
[EventCountry "RUS"]
[SourceTitle "CBM 168 Extra"]
[Source "ChessBase"]
[SourceDate "2015.10.29"]
[SourceVersion "1"]
[SourceVersionDate "2015.10.29"]
[SourceQuality "1"]

1. c4 Nf6 2. Nc3 g6 3. g3 Bg7 4. Bg2 0-0 5. Nf3 d6 6. 0-0 Nc6 7. Rb1 Bf5 8. d3 a5 9. a3 Qd7 10. Re1 e5 11. Bg5 h6 12. Bxf6 Bxf6 13. b4 axb4 14. axb4 Ne7 15. Qd2 Kh7 16. b5 g5 17. Qc2 Bg7 18. Nd2 c6 19. bxc6 bxc6 20. Rb3 d5 21. Reb1 Qd6 22. Rb6 Qc5 23. e4 dxe4 24. Ncxe4 Qa5 25. Nd6 Bg6 26. Nb7 Qa3 27. R6b3 Qa7 28. Nd6 Qd4 29. N6e4 g4 30. Rb7 Qd8 31. Nc5 Nf5 32. Rd7 Qg5 33. Nde4 Qh5 34. Nb3 Ra3 35. Nec5 Nd4 36. Nxd4 exd4 37. Ne4 Qa5 38. Rdb7 Re8 39. R7b3 Rxb3 40. Qxb3 f5 41. Nd6 Re1+ 42. Bf1 Rxb1 43. Qxb1 Qe5 44. Nb7 f4 45. Qb4 f3 46. Na5 c5 47. Qb1 h5 48. Nb3 Bh6 49. Qd1 h4 50. Nd2 hxg3 51. hxg3 Be3 0-1

[Event "Chigorin Memorial 23rd"]
[Site "St Petersburg"]
[Date "2015.10.03"]
[Round "1"]
[White "Terentev, Mikhail"]
[Black "Yanchenko, Roman"]
[Result "0-1"]
[WhiteElo "2013"]
[BlackElo "2370"]
[PlyCount "94"]
[EventDate "2015.10.03"]
[EventType "swiss"]
[EventRounds "9"]
[EventCountry "RUS"]
[SourceTitle "CBM 168 Extra"]
[Source "ChessBase"]
[SourceDate "2015.10.29"]
[SourceVersion "1"]
[SourceVersionDate "2015.10.29"]
[SourceQuality "1"]

1. e4 d5 2. exd5 Qxd5 3. Nc3 Qa5 4. d4 c6 5. Nf3 Nf6 6. Bc4 Bf5 7. Bd2 Qd8 8. Qe2 e6 9. Bb3 Be7 10. 0-0-0 a5 11. Nh4 Bg6 12. Nxg6 hxg6 13. Qf3 Nbd7 14. g4 Nd5 15. Nxd5 cxd5 16. Ba4 0-0 17. Bxd7 Qxd7 18. h4 Qa4 19. Kb1 Qxd4 20. Bc3 Qe4 21. Qg3 Rfc8 22. h5 g5 23. h6 Bf6 24. hxg7 Bxc3 25. bxc3 Kxg7 26. Rh5 Qf4 27. Qd3 Rh8 28. Rdh1 Rxh5 29. Rxh5 Rh8 30. Rxh8 Kxh8 31. f3 Kg7 32. Kb2 Kf6 33. Kb1 Qc4 34. Qe3 Qf1+ 35. Kb2 Qb5+ 36. Kc1 b6 37. Qg1 a4 38. Qh1 Ke7 39. Qh2 Qc5 40. Qd2 f6 41. Kb2 a3+ 42. Kb3 Kd6 43. Qh2+ Kc6 44. Qd2 e5 45. Qe1 b5 46. Qd2 e4 47. fxe4 dxe4 0-1